Vedení pohovoru

Bibliographic Details
Main Author: Clegg, Brian, 1955- (Author)
Other Authors: Horký, Emil (Translator)
Format: Book
Language:Czech
English
PhysicalDescription:iv, 94 s. 23 cm
Published: Brno CP Books 2005
ISBN:8025106160
Edition:1. vyd.
Series:V kostce
Subjects:

MARC

LEADER 00000cam a2200000 a 4500
001 vtls008766765
003 SK-MaSNL
005 20260302075138.0
008 251031s2005 xr f 001 0 cze
020 |a 8025106160  |q (brož.) 
035 |a POKPOH52368 
040 |a SNK  |b slo  |c SNK  |e AACR2 
041 1 |a cze  |h eng 
044 |a xr  |c CZ 
072 7 |a 331  |x Práca  |2 konspekt 
080 |a 331.108.37  |2 2001 
080 |a 331.108.3  |2 2001 
080 |a (035)  |2 2001 
100 1 |a Clegg, Brian,  |d 1955-  |4 aut  |9 617426 
240 1 0 |a Instant interviewing  |l Česky 
245 1 0 |a Vedení pohovoru  |c Brian Clegg ; [překlad Emil Horký] 
250 |a 1. vyd. 
260 |a Brno  |b CP Books  |c 2005 
300 |a iv, 94 s.  |c 23 cm 
490 1 |a V kostce 
650 0 7 |a prijímacie konanie  |2 SNKPH  |9 346807 
650 0 7 |a prijímacie pohovory  |2 SNKPH  |9 67194 
650 0 7 |a Employment interviewing  |2 SNKPHeng  |9 367562 
650 0 7 |a Employee selection  |2 SNKPHeng  |9 346805 
655 7 |a príručky  |2 SNKPH  |9 74364 
655 7 |a Handbooks, manuals, etc.  |2 SNKPHeng  |9 90964 
700 1 |a Horký, Emil  |4 trl  |9 537119 
830 0 |a V kostce  |9 741604 
919 |a 80-251-0616-0 
999 |c 1168074  |d 1170004 
952 |a SNK  |b SNK  |y VYP  |7 0  |p 17A0578418  |o snkIC 136222 D1  |i snk2008/3916  |8 4  |g 6.44  |0 0  |1 1  |4 0  |d 2008-01-14  |l 0  |r 2026-02-24 20:54:26  |w 2026-02-24 
952 |t snkCLE 65.012.4  |a SNKUST  |b SNKUST  |y PREZ  |7 0  |p 17A0570009  |o snkIC 136222  |i snk2008/2277  |8 3  |g 8.27  |0 0  |1 0  |4 0  |d 2008-01-29  |l 0  |r 2025-04-28 00:00:00  |w 2026-02-24